<?xml version="1.0" encoding="UTF-8"?>
<record
    xmlns:xsi="http://www.w3.org/2001/XMLSchema-instance"
    xsi:schemaLocation="http://www.loc.gov/MARC21/slim http://www.loc.gov/standards/marcxml/schema/MARC21slim.xsd"
    xmlns="http://www.loc.gov/MARC21/slim">

  <leader>01040nam a2200229Ia 4500</leader>
  <datafield tag="952" ind1=" " ind2=" ">
    <subfield code="0">0</subfield>
    <subfield code="1">0</subfield>
    <subfield code="4">0</subfield>
    <subfield code="7">0</subfield>
    <subfield code="a">03</subfield>
    <subfield code="b">03</subfield>
    <subfield code="d">2011-08-16</subfield>
    <subfield code="l">11</subfield>
    <subfield code="o">LB1028.3 N84 2004</subfield>
    <subfield code="p">03 000755</subfield>
    <subfield code="r">2016-08-31</subfield>
    <subfield code="s">2016-08-31</subfield>
    <subfield code="t">1</subfield>
    <subfield code="w">2012-07-20</subfield>
    <subfield code="y">LB</subfield>
  </datafield>
  <datafield tag="999" ind1=" " ind2=" ">
    <subfield code="c">78830</subfield>
    <subfield code="d">78830</subfield>
  </datafield>
  <controlfield tag="008">120720s2004    sp a          000 0 spa d</controlfield>
  <datafield tag="020" ind1=" " ind2=" ">
    <subfield code="a">8420541621 </subfield>
  </datafield>
  <datafield tag="050" ind1=" " ind2=" ">
    <subfield code="a">LB1028.3 </subfield>
    <subfield code="b">N84 2004</subfield>
  </datafield>
  <datafield tag="245" ind1=" " ind2=" ">
    <subfield code="a">Nuevas Tecnolog&#xED;as y Educaci&#xF3;n </subfield>
    <subfield code="c"> / coordinadores Francisco Mart&#xED;nez S&#xE1;nchez, Ma Paz Prendes Espinoza ; coautores, Manuel Area Moreira ... [y otros.] ; pr&#xF3;logo de Jos&#xE9; Luis Rodr&#xED;guez Di&#xE9;guez </subfield>
  </datafield>
  <datafield tag="260" ind1=" " ind2=" ">
    <subfield code="a">Espa&#xF1;a</subfield>
    <subfield code="b"> : Pearson</subfield>
    <subfield code="c">, 2004</subfield>
  </datafield>
  <datafield tag="300" ind1=" " ind2=" ">
    <subfield code="a">xvi, 240 p&#xE1;ginas </subfield>
    <subfield code="b"> : ilustraciones</subfield>
  </datafield>
  <datafield tag="336" ind1=" " ind2=" ">
    <subfield code="a">texto</subfield>
  </datafield>
  <datafield tag="337" ind1=" " ind2=" ">
    <subfield code="a">sin medio</subfield>
  </datafield>
  <datafield tag="338" ind1=" " ind2=" ">
    <subfield code="a">volumen</subfield>
  </datafield>
  <datafield tag="505" ind1=" " ind2=" ">
    <subfield code="a">Sociedad, cultura y educaci&#xF3;n en un mundo digital
Nuevas tecnolog&#xED;as y enese&#xF1;anza superior
La Tecnologia educativa en la actualidad
</subfield>
  </datafield>
  <datafield tag="519" ind1=" " ind2=" ">
    <subfield code="a">Plan Flexible /</subfield>
    <subfield code="b">Pedagog&#xED;a /</subfield>
    <subfield code="c">Nuevas Tecnolog&#xED;as Aplicadas a  la Educaci&#xF3;n (P20-1) /</subfield>
    <subfield code="d">(03 000755)</subfield>
  </datafield>
  <datafield tag="650" ind1="1" ind2="0">
    <subfield code="a">TECNOLOG&#xCD;A EDUCATIVA</subfield>
  </datafield>
  <datafield tag="700" ind1=" " ind2=" ">
    <subfield code="a">Prendes Espinosa, Mar&#xED;a Paz</subfield>
    <subfield code="e">editor</subfield>
  </datafield>
  <datafield tag="700" ind1=" " ind2=" ">
    <subfield code="a">Mart&#xED;nez S&#xE1;nchez, Francisco</subfield>
    <subfield code="e">editor</subfield>
  </datafield>
  <datafield tag="700" ind1=" " ind2=" ">
    <subfield code="a">Area Moreira, Manuel</subfield>
    <subfield code="e">colaborador</subfield>
  </datafield>
  <datafield tag="942" ind1=" " ind2=" ">
    <subfield code="c">LB</subfield>
  </datafield>
</record>
